[Event "Moscow op-A"]
[Site "Moscow"]
[Date "2016.01.31"]
[Round "2"]
[White "Eliseev, Urii"]
[Black "Derbenev, Andrey"]
[Result "1-0"]
[WhiteElo "2582"]
[BlackElo "2367"]
[Annotator "Fischer,J"]
[PlyCount "59"]
[EventDate "2016.01.30"]
[EventType "swiss"]
[EventRounds "9"]
[EventCountry "RUS"]
[SourceTitle "CBM 170 Extra"]
[Source "ChessBase"]
[SourceDate "2016.02.25"]
[SourceVersion "1"]
[SourceVersionDate "2016.02.25"]
[SourceQuality "1"]
[WhiteClock "0:28:01"]
[BlackClock "0:07:37"]

1. e4 a6 2. d4 c5 3. d5 d6 4. c4 b5 5. cxb5 g6 6. Nc3 Bg7 7. Nf3 Nd7 8. a4 {
An unorthodox opening led Black to sacrifice a pawn in Wolga-Benko-Gambit
fashion. But as he never gets adequate compensation for his pawn he soon seeks
to stir up trouble.} Ngf6 9. Ra3 O-O 10. Qc2 e6 11. dxe6 fxe6 12. e5 Ng4 {
Offering a piece sacrifice.} 13. Bg5 {Which White declines.} ({But the engines
see nothing wrong for White after} 13. Qe4 Ndxe5 14. Qxa8 Nxf3+ 15. gxf3 Ne5
16. f4) 13... Qa5 14. exd6 Bd4 15. Bh4 {[#]} Rxf3 {Continuing in style. But if
White keeps his cool he should win.} 16. gxf3 Bb7 17. Be2 Nge5 18. O-O Bxf3 19.
Ne4 Rf8 20. Bxf3 Nxf3+ {[#]} 21. Rxf3 {White shows that he, too, does not mind
a little sacrifice now and then and gives some of his material back to repel
Black's attack and attack himself.} Rxf3 22. Qc4 h6 23. Qxe6+ Rf7 24. Be7 Nf8
25. Bxf8 Kxf8 26. Qc8+ Kg7 27. d7 Rf8 28. Nd6 Rxf2 {One final trick. Of course,
White cannot take the rook because after 29.Rxf2 he will be mated with 29...
Qe1+. But after} 29. Ne8+ Kh7 30. d8=Q {Black's tricks came to an end. After,
for instance, 30...Rf8+ White takes the bishop with 31.Qxd4! and after a few
more moves Black will be mated.} 1-0

[Event "Olympiad-31"]
[Site "Moscow"]
[Date "1994.12.11"]
[Round "10.2"]
[White "Kramnik, Vladimir"]
[Black "Ehlvest, Jaan"]
[Result "1/2-1/2"]
[WhiteElo "2725"]
[BlackElo "2600"]
[Annotator "Ftacnik,L"]
[PlyCount "46"]
[EventDate "1994.12.01"]
[EventType "team-swiss"]
[EventRounds "14"]
[EventCountry "RUS"]
[SourceTitle "CBM 045"]
[Source "ChessBase"]
[SourceDate "1995.04.01"]
[SourceVersion "1"]
[SourceVersionDate "1995.04.01"]
[SourceQuality "1"]
[WhiteTeam "Russia"]
[BlackTeam "Estonia"]
[WhiteTeamCountry "RUS"]
[BlackTeamCountry "EST"]

1. Nf3 b6 2. e4 Bb7 3. Nc3 e6 4. d4 Bb4 5. Bd3 Nf6 6. Bg5 h6 7. Bxf6 Qxf6 8.
O-O Bxc3 (8... O-O $6 9. e5 Qe7 10. Nb5 $16) 9. bxc3 d5 10. exd5 Bxd5 11. Ne5
O-O 12. Qh5 Qd8 13. c4 Bb7 14. d5 Qd6 (14... exd5 $2 15. Qf5 g6 16. Nxg6 $18)
15. Rae1 exd5 16. Qf5 g6 17. Qh3 Kg7 18. Nxf7 $1 Kxf7 (18... Rxf7 19. Re6 Qf4 (
19... Bc8 20. Rxd6 Bxh3 21. Rxg6+ Kf8 22. gxh3 $16) 20. Rxg6+ Kf8 21. Rxh6 $40)
19. Qxh6 Rg8 20. f4 $6 (20. Re3 d4 (20... Nd7 21. Qh7+ Kf8 (21... Rg7 22. Rf3+
Nf6 23. Bxg6+ Kf8 24. Qh8+ Rg8 25. Rxf6+ $18) 22. Rf3+ Nf6 23. Bxg6 Qe6 24.
cxd5 $1 Bxd5 25. Qh6+ Ke7 26. Re3 Ne4 27. Qh7+ Kd8 28. Bxe4 $18) 21. c5 $1 Qxc5
(21... Qd5 22. Rf3+ Ke7 23. Re1+ Kd8 24. Rf8+ Kd7 25. Bb5+ Nc6 26. Qh7+) (21...
bxc5 22. Bc4+ Bd5 23. Bxd5+ Qxd5 24. Qf4+ Qf5 25. Qxc7+ Qd7 26. Rf3+ Kg7 27.
Qe5+ Kh7 28. Rh3+ $18) 22. Bc4+ $1 Kf6 (22... Qxc4 23. Qf4+ Kg7 24. Re7+ $18)
23. Re6+ Kf7 24. Rfe1 $18) 20... Nd7 21. f5 Rh8 $1 22. fxg6+ (22. Qxg6+ $6 Kf8
$1) 22... Kg8 23. Qf4 Qxf4 $13 1/2-1/2

[Event "YUG-ch"]
[Site "Podgorica"]
[Date "1996.??.??"]
[Round "9"]
[White "Pikula, Dejan"]
[Black "Filipovic, Branko"]
[Result "1-0"]
[WhiteElo "2455"]
[BlackElo "2435"]
[Annotator "Hecht,H"]
[PlyCount "117"]
[EventDate "1996.02.??"]
[EventType "tourn"]
[EventRounds "15"]
[EventCountry "YUG"]
[EventCategory "9"]
[SourceTitle "CBM 053"]
[Source "ChessBase"]
[SourceDate "1996.08.01"]
[SourceVersion "1"]
[SourceVersionDate "1996.08.01"]
[SourceQuality "1"]

1. e4 b6 2. d4 Bb7 3. Bd3 e6 4. Nf3 c5 5. c3 Nf6 6. Qe2 Be7 7. Nbd2 cxd4 8.
cxd4 d5 9. e5 Nfd7 10. O-O a5 11. Bb5 Ba6 12. a4 Qc8 13. Nb1 Nc6 14. Bd2 Bxb5
15. axb5 Nb4 16. Rc1 Qb7 17. Bg5 Bxg5 18. Nxg5 h6 19. Nh3 Rc8 20. Rc3 O-O 21.
Na3 Rc7 22. Nf4 Rfc8 23. Qd2 Nf8 24. Nh5 Ng6 25. f4 Ne7 26. g4 Kh8 27. Rf1 Na2
28. Rxc7 Rxc7 29. f5 Ng8 30. fxe6 fxe6 31. Nf4 g5 32. Nxe6 Rf7 33. Rf5 Rxf5 34.
gxf5 Qf7 35. Qc2 Qh5 36. Qg2 Nc1 37. h3 Nd3 38. Qg4 Qf7 39. f6 Nxb2 40. Qf5 Ne7
41. fxe7 Qxf5 42. e8=Q+ Kh7 43. Qc8 Qf3 44. Qd7+ Kg6 45. Qe8+ Kh7 46. Qe7+ Kg6
47. Qf6+ Qxf6 48. exf6 Kxf6 49. Nc7 Kf5 50. Nxd5 Ke4 51. Nxb6 Kxd4 52. Nbc4
Nxc4 53. Nxc4 {[#] beweglicher wS, der den eigenen Frei-B deckt und den
schwarzen a-Frei-B blockiert. Plan: Eroberung des sK-Flügels durch den wK.
Mittel: Zugzwang und S-Gabel} Kc5 54. Na3 h5 55. Kf2 a4 56. Kf3 Kd5 57. Ke3 Ke5
58. Nc4+ Kd5 (58... Ke6 59. Ke4 {Zugzwang} g4 60. hxg4 hxg4 61. Kf4 $18) 59.
Nb6+ 1-0

[Event "Bundesliga 1982/83"]
[Site "Germany"]
[Date "1983.04.17"]
[Round "13.2"]
[White "Hecht, Hans Joachim"]
[Black "Miles, Anthony John"]
[Result "1-0"]
[WhiteElo "2450"]
[BlackElo "2585"]
[Annotator "Hecht,H"]
[PlyCount "183"]
[EventDate "1982.10.10"]
[EventType "team-tourn"]
[EventRounds "15"]
[EventCountry "GER"]
[SourceTitle "CBM 059"]
[Source "ChessBase"]
[SourceDate "1997.08.01"]
[SourceVersion "1"]
[SourceVersionDate "1997.08.01"]
[SourceQuality "1"]
[WhiteTeam "Solingen"]
[BlackTeam "Porz"]
[WhiteTeamCountry "GER"]
[BlackTeamCountry "GER"]

1. e4 Nc6 2. d4 e5 3. dxe5 Nxe5 4. Nf3 Bb4+ 5. Bd2 Bxd2+ 6. Nbxd2 Qf6 7. c3 Ne7
8. Nxe5 Qxe5 9. Bd3 O-O 10. O-O Ng6 11. Nc4 Qg5 12. Ne3 Nf4 13. Kh1 b6 14. Bc2
Ba6 15. Re1 Rae8 16. Qf3 Bb7 17. Qg3 h6 18. Rad1 d6 19. Qxg5 hxg5 20. f3 Re5
21. Kg1 Rfe8 22. Kf2 Bc6 23. Bb3 Kf8 24. Bc4 a5 25. Bf1 g6 26. Nc4 R5e7 27. Ne3
Kg7 28. Nc2 Re5 29. Nd4 Bd7 30. h3 Kf6 31. Nc2 Kg7 32. Ne3 Bc6 33. Nc4 R5e7 34.
Ne3 Rh8 35. Nc2 Ba4 36. b3 Bd7 37. Ne3 Rhe8 $2 38. g3 Nxh3+ 39. Bxh3 Bxh3 40.
g4 Rh8 41. Rh1 Rh4 42. Rh2 d5 43. Rdh1 dxe4 44. Rxh3 Rxh3 45. Rxh3 {[#] Die
Medaille für dieses Endspiel steht für die vielen taktischen Schweinereien
einerseits und die äußerst erfindungsreiche schwarze Verteidigung andereseits.}
Rd7 46. Ke2 Kf6 47. fxe4 Ke5 48. Rf3 $5 (48. Nd1 $1 Kxe4 49. Nf2+ Kf4 50. Rf3+
Ke5 51. Re3+ $18 Kf4 $2 52. Nd3+ Kxg4 53. Ne5+) 48... Kxe4 49. Nc4 $5 (49. Nf1
$1 f5 50. Ng3+) 49... f5 50. Re3+ Kf4 51. Rf3+ Ke4 52. Rf2 (52. Rh3 $5 {
B.Spassky, mit dem ich damals die Hängepartie analysierte, faßte die Art und
Weise, wie Weiß in dieser Position vorzugehen hätte, in folgende Worte: "To
play like a very solid oil-company". Mit anderen Worten, es gilt die
Figurenpositionen langsam zu verbessern und den schwarzen König
zurückzudrängen. Ausgefeilte Technik schien jedenfalls vonnöten, um den Gewinn
sicherzustellen. Konkrete Varianten: Fehlanzeige!}) 52... Rh7 53. Nd2+ Ke5 54.
Ke3 {[%csl Ye4,Yf4][%cal Rd2f3,Rf3d4]} Re7 55. Re2 Kf6+ 56. Kf2 Rh7 57. Nf3 Rh3
58. gxf5 (58. Re6+ $5 Kxe6 59. Nxg5+ Ke5 60. Nxh3 fxg4 61. Ng5 Kf5 62. Nf7 Ke4
$13 {[%cal Re4d3,Rg4g3]}) 58... g4 (58... gxf5 59. Re6+ Kxe6 (59... Kg7 60. Rc6
) 60. Nxg5+ Ke5 61. Nxh3 Ke4 62. Ke2 $18) (58... Kxf5 59. Re7 $18) 59. Re6+
Kxf5 60. Nd4+ Kg5 61. Ne2 (61. Rc6 Rh2+ 62. Kg3 Rxa2 63. Rxc7 a4 {gefiel mir
wegen der Bauernreduzierung nicht.}) 61... Rf3+ 62. Kg2 (62. Ke1 g3 {[%cal
Rg3g2]}) 62... Rd3 63. Kf2 (63. Rxg6+ $6 Kxg6 64. Nf4+ Kf5 65. Nxd3 Ke4 {
[%csl Ra2,Rb3,Rc3][%cal Re4e3,Re3d2]}) (63. a4 $1 Rd2 64. Kg3) 63... Rd2 64. a4
Rb2 65. Kg3 Rxb3 66. Rc6 (66. Re4 {[%cal Re4g4,Ge4c4]}) 66... Ra3 67. Rc4 c6 (
67... Kf5 68. Nd4+ Ke5 69. Nb5 $1) 68. Rxg4+ Kf5 69. Rc4 Ke5 70. Rxc6 Ke4 $1
71. Rxb6 Kd3 72. Kf3 Rxa4 73. Rd6+ Kc2 74. Rd5 $1 {der schwarze Turm soll
passiv bleiben} (74. Rxg6 $6 Rh4 $13 {[%cal Ra5a4]}) 74... Ra1 75. Ke3 a4 76.
Rd2+ Kb3 77. Kd3 a3 78. Nd4+ Ka4 79. Rg2 $6 (79. Re2 Rh1 80. Re8 Rh5 81. Ra8+
Ra5 82. Rxa5+ Kxa5 83. Kc2 Ka4 84. Kb1 g5 85. Ka2 g4 86. Nf5 Kb5 87. Kxa3 Kc4
88. Kb2 Kd3 89. Kb3 Ke4 90. Ng3+ Kf4 (90... Kf3 91. Nh5 $1) 91. Nf1 $18) 79...
g5 80. Kc4 (80. Rxg5 Rd1+ 81. Kc2 a2 82. Rg8 Rc1+ 83. Kd2 Rd1+ $13) 80... Rb1 (
80... a2 81. Re2 g4 82. Re8 $18) 81. Rxg5 a2 82. Rg8 (82. Nc6 Ka3 83. Nb4 a1=N
84. Ra5+ Kb2 85. Ra2+ Kc1 86. Rh2 $1 $18 (86. Nd3+ Kd1 87. Rh2 Nc2 88. Rh1+ Kd2
89. Rxb1 Na3+)) 82... Ka3 83. Nc2+ Kb2 84. Rg2 {[%cal Rc2b4]} Kc1 {[#]} (84...
a1=Q 85. Nxa1+ Kxa1 86. Kc5 $18 {[%cal Gg2a2]}) 85. Na1 $1 Rxa1 (85... Rb2 86.
Nb3+ Kb1 87. Rg1+ Kc2 88. Rc1#) (85... Rb8 86. Rxa2 Rc8+ 87. Kd4 Rd8+ 88. Ke5
Rc8 89. Rc2+ Kb1 90. c4 Kxa1 91. c5 Kb1 92. Rc4 Kb2 93. Kd6 Kb3 94. Rh4 $18)
86. Kd3 Rb1 (86... Kb1 87. c4) 87. Rc2+ Kd1 88. Rxa2 $18 {[%cal Ga2h2,Rc3c4]}
Ke1 89. c4 Rd1+ 90. Ke4 Rc1 91. Kd5 Rd1+ 92. Kc6 1-0

[Event "SWE-ch"]
[Site "Skara"]
[Date "2002.07.12"]
[Round "11"]
[White "Hector, Jonny"]
[Black "Agrest, Evgenij"]
[Result "1/2-1/2"]
[WhiteElo "2513"]
[BlackElo "2584"]
[Annotator "Hecht,H"]
[PlyCount "101"]
[EventDate "2002.06.30"]
[EventType "tourn"]
[EventRounds "13"]
[EventCountry "SWE"]
[EventCategory "9"]
[SourceTitle "CBM 091"]
[Source "ChessBase"]
[SourceDate "2002.11.12"]
[SourceVersion "1"]
[SourceVersionDate "2002.11.12"]
[SourceQuality "1"]

1. e4 b6 2. d4 Bb7 3. Bd3 Nf6 4. Qe2 e6 5. Nf3 c5 6. c3 Be7 7. Bg5 h6 8. Bh4 d6
9. Nbd2 Nbd7 10. e5 dxe5 11. dxe5 Nd5 12. Bxe7 Nxe7 13. Ne4 O-O 14. Nd6 Bxf3
15. gxf3 Ng6 16. Bxg6 fxg6 17. Rg1 Qh4 18. Rxg6 Qxh2 19. O-O-O Qxe5 20. Qd2 Qf4
21. Qxf4 Rxf4 22. Rdg1 Kh8 23. Rxg7 Ne5 24. Re7 Rg8 25. Rxg8+ Kxg8 26. Rxe6
Nd3+ 27. Kc2 Rxf3 28. Rxh6 Nxf2 {[#] bessere weiße Königsstellung} 29. Rg6+ Kf8
30. Re6 a6 31. Nc4 b5 32. Nd2 Kf7 33. Re5 ({Warum nicht einfach} 33. Rxa6 {
FRITZ schlägt hier die Überführung des Turms nach g2 mit Fesselungsideen bzw.
SDpiel gegen den weißen König.}) 33... Rf6 34. Rxc5 Ke7 35. Nb3 Ng4 36. Nd4 Kd7
37. Kb3 Rf2 38. Rc6 Ne5 39. Rxa6 Nd3 40. Ra7+ Kc8 41. Nxb5 Rxb2+ 42. Kc4 Ne5+
43. Kc5 Nd7+ 44. Kc6 Nb8+ 45. Kb6 Nd7+ {Mit diesem Springerrundlauf hält
Schwarz remis, weil der weiße König an seinem Springer klebt.} 46. Rxd7 Kxd7
47. a4 Rh2 48. a5 Rh6+ 49. Kb7 Rh5 50. c4 Rc5 51. a6 1/2-1/2

[Event "YUG-ch"]
[Site "Podgorica"]
[Date "1996.??.??"]
[Round "2"]
[White "Karaklajic, Nikola"]
[Black "Filipovic, Branko"]
[Result "1/2-1/2"]
[WhiteElo "2400"]
[BlackElo "2435"]
[Annotator "Hecht,H"]
[PlyCount "160"]
[EventDate "1996.02.??"]
[EventType "tourn"]
[EventRounds "15"]
[EventCountry "YUG"]
[EventCategory "9"]
[SourceTitle "CBM 053"]
[Source "ChessBase"]
[SourceDate "1996.08.01"]
[SourceVersion "1"]
[SourceVersionDate "1996.08.01"]
[SourceQuality "1"]

1. e4 b6 2. d4 Bb7 3. Bd3 e6 4. Nf3 c5 5. c3 Nf6 6. Qe2 Be7 7. O-O Nc6 8. a3
Na5 9. Nbd2 c4 10. Nxc4 Nxc4 11. Bxc4 Nxe4 12. Ba6 Qc8 13. Bxb7 Qxb7 14. Bf4
O-O 15. Nd2 Nxd2 16. Qxd2 Qd5 17. Rae1 f6 18. Qe2 b5 19. Bc1 a5 20. Qe4 Qxe4
21. Rxe4 Kf7 22. d5 f5 23. dxe6+ dxe6 24. Re5 Rfb8 25. Rfe1 Ra6 26. R5e2 a4 27.
Rd2 Rd6 28. Rxd6 Bxd6 29. Kf1 e5 30. Ke2 Rd8 31. Bg5 Rd7 32. h3 Ke6 33. Rb1 f4
34. f3 Bc5 35. Bh4 Kf5 36. Be1 Rd6 37. b3 Rg6 38. Kf1 Ra6 39. b4 Be3 40. c4
bxc4 41. b5 Ra8 42. b6 Ke6 43. Ke2 Bc5 44. Bf2 Bxf2 45. Kxf2 c3 46. Rb4 c2 47.
Rc4 Rb8 48. Rxc2 Rxb6 49. Rc4 Ra6 50. Ke2 Kf5 51. Kf2 Ra7 52. Re4 g5 53. g3 Ra5
54. Rb4 Ra6 55. Kg2 h5 56. g4+ Kg6 57. Re4 Ra5 58. Rb4 h4 59. Rb6+ Kf7 60. Rb7+
Ke6 61. Rb6+ Kd5 62. Rb4 Rc5 63. Rxa4 Rc2+ 64. Kg1 Rc4 65. Rxc4 Kxc4 {[#] B-B
rückständiger schwarzer e-Mehrbauer, Tempospiel, zugeordnete Felder} 66. a4 (
66. Kf1 Kb3 67. Ke2 Kxa3 68. Kd3 Kb3 69. Ke4 Kc3 70. Kxe5 Kd3 71. Kf5 Ke3 72.
Kxg5 Kxf3 73. Kh5 $10 (73. Kxh4 Ke4 74. g5 Kf5 75. g6 Kxg6 76. Kg4 $10)) 66...
Kb4 67. Kf1 Kxa4 68. Ke2 e4 $6 (68... Kb4 $5 69. Kd3 Kc5 70. Ke4 Kd6 71. Kf5
Kd5 72. Kxg5 Kd4 (72... Ke6 $2 73. Kxh4 e4 74. fxe4 Ke5 75. g5 Kxe4 76. g6 f3
77. Kg3 Ke3 78. g7 f2 79. g8=Q f1=Q 80. Qe6+ {Remis laut ENDSPIEL-CD}) 73. Kh5
(73. Kf5 e4 74. g5 exf3 75. g6 f2 76. g7 f1=Q 77. g8=Q Qxh3+ $19 78. Kxf4 $2
Qf1+) 73... e4 74. g5 exf3 75. g6 f2 76. g7 f1=Q 77. g8=Q Ke3 $17) 69. fxe4 Kb5
70. Kd3 Kc5 71. Kc3 Kc6 (71... f3 72. Kd3 f2 73. Ke2 Kd4 74. Kxf2 Kxe4 75. Ke2
$10) 72. Kc4 Kc7 73. Kc3 Kd7 74. Kd3 (74. Kd4 Kd6 75. Kc4 Ke5 76. Kd3 $10)
74... Kd6 75. Kd4 Ke6 76. Kc4 Kd7 77. Kd3 Kc7 78. Kc3 Kb6 79. Kd4 Kb5 80. Kd3
Kc5 1/2-1/2

[Event "Fraenkische GM 1st"]
[Site "Pulvermuehle"]
[Date "2000.01.12"]
[Round "1"]
[White "Ibragimov, Ildar"]
[Black "Stefanova, Antoaneta"]
[Result "1-0"]
[WhiteElo "2554"]
[BlackElo "2444"]
[Annotator "Hecht,H"]
[PlyCount "93"]
[EventDate "2000.01.12"]
[EventType "tourn"]
[EventRounds "9"]
[EventCountry "GER"]
[EventCategory "10"]
[SourceTitle "CBM 075"]
[Source "ChessBase"]
[SourceDate "2000.04.05"]
[SourceVersion "1"]
[SourceVersionDate "2000.04.05"]
[SourceQuality "1"]

1. d4 e6 2. Nf3 b6 3. e4 Bb7 4. Bd3 d6 5. O-O Nd7 6. c4 g6 7. Nc3 Bg7 8. Bg5
Ne7 9. Qd2 h6 10. Be3 Nf6 11. h3 d5 12. cxd5 exd5 13. e5 Ne4 14. Qc2 Nxc3 15.
bxc3 O-O 16. Qd2 Kh7 17. Nh2 Bc8 18. g4 f6 19. exf6 Rxf6 20. f4 Qd6 21. Nf3 a5
22. Ne5 Ba6 23. Bxa6 Rxa6 24. Bf2 Rf8 25. Bh4 Raa8 26. Qd3 Bf6 27. Bg3 Bxe5 28.
fxe5 Qe6 29. Rf6 Rxf6 30. exf6 Ng8 31. Re1 Qxf6 32. Rf1 Qe6 33. Qf3 g5 34. Be5
h5 35. Qf7+ Qxf7 36. Rxf7+ Kh6 37. Rxc7 hxg4 38. hxg4 {[#] Schlechter Springer
und König sowie etliche Bauernschwächen ergeben einen klaren Verlust für
Schwarz.} b5 39. Rc5 b4 40. Rxd5 bxc3 41. Rd6+ Kh7 42. Rd7+ Kg6 43. Rg7+ Kh6
44. Rc7 {[%csl Rc3][%cal Rd4d5,Rd5d6,Ge5f6,Gc7e7]} Ne7 {Schwarz wählt ein Ende
mit Schrecken.} (44... Kg6 $142 45. d5 Re8 46. Bxc3 Ne7 47. d6 Nd5 48. Rg7+ Kh6
49. d7 Rb8 50. Bd4 a4 51. a3 Rd8 52. Kf2 Rf8+ 53. Kg3 Rb8 54. Kf3 Rd8 55. Ke4
Nf4 56. Bf6 Ne6 57. Kd5 Rb8 58. Kxe6 Rb6+ 59. Kf7 Rxf6+ 60. Ke7 $18) 45. Rxe7
Rc8 46. Bc7 $1 c2 47. Re6+ 1-0

[Event "Leipzig SGL-16"]
[Site "Leipzig"]
[Date "1977.11.03"]
[Round "6"]
[White "Tompa, Janos"]
[Black "Hennings, Artur"]
[Result "0-1"]
[WhiteElo "2410"]
[BlackElo "2465"]
[Annotator "Hennings,A"]
[PlyCount "96"]
[EventDate "1977.10.29"]
[EventType "tourn"]
[EventRounds "11"]
[EventCountry "DDR"]
[EventCategory "6"]
[SourceTitle "EXT 2004"]
[Source "ChessBase"]
[SourceDate "2003.11.25"]
[SourceVersion "1"]
[SourceVersionDate "2003.11.25"]
[SourceQuality "1"]

{SCHACH 1/1978 Seiten 7-8} 1. e4 b6 $6 2. Bc4 Bb7 3. Qe2 e6 4. Nf3 Nf6 5. e5
Nd5 6. d4 Be7 7. Bd3 c5 8. dxc5 ({Möglich wäre auch} 8. c4 Nb4 ({aber auch} 
8... Nc7) 9. Be4 {und das weiße Zentrum wird geknackt.}) 8... bxc5 9. a3 f5 10.
c4 Nb6 11. Nc3 Bxf3 12. Qxf3 Nc6 13. Qg3 Qb8 14. f4 O-O 15. Rb1 d6 16. exd6
Qxd6 17. O-O Rad8 18. Rd1 Bf6 19. Be3 {[#]} Qxd3 $6 (19... Nd4 {war gut genug,
aber solch ein Damenopfer reizt immer, und ich konnte nicht widerstehen.}) 20.
Rxd3 Rxd3 21. Rd1 Rfd8 22. Rxd3 Rxd3 23. Qf3 $1 Ne7 (23... Rxe3 {wäre wegen}
24. Qxc6 {und Mattdrohung auf e8 ein Schuß ins Leere.}) ({Der geplante Zug} 
23... Nd4 {ergibt wegen} 24. Qb7 {unklare Varianten.}) 24. Nd1 Nxc4 25. Qe2 $1
{Diese listige Verteidigung hatte ich bei der Berechnung des Damenopfers nicht
betrachtet.} Rxd1+ 26. Qxd1 Nxe3 27. Qa4 Kf7 28. Qxa7 Bd4 29. a4 ({Natürlich
nicht} 29. b4 {wegen} Nc2+ {und cxb4}) 29... Nd1+ 30. Kf1 Nxb2 31. a5 Nc4 32.
a6 Ne3+ 33. Kf2 N3d5+ 34. Kf3 g5 $1 35. fxg5 e5 36. Qb8 e4+ 37. Ke2 c4 38. a7
Bxa7 39. Qxa7 c3 40. Qf2 e3 41. Qh4 Ke6 {Der Abgabezug. In der Analyse stellte
ich fest, dass bei beiderseitig richtigem Spiel die Partie wohl remis werden
würde. Mein Gegner glaubte aber auf Gewinn zu stehen, und das ging ins Auge.}
42. Qa4 Ke5 43. g3 f4 $1 44. gxf4+ Nxf4+ 45. Kf3 ({Falls} 45. Kxe3 {so} Nf5+
46. Kf2 Nd4 {und die Drohung c3-c2 lässte sich nicht verhindern: z.B.} 47. Ke3
Nfe2 {und Weiß hat bzw. sollte Dauerschach geben.}) 45... Ned5 46. Qe4+ Kd6 47.
Qxh7 (47. Qb1 $5) 47... Ne6 $1 48. Qg6 $4 (48. Qh4 c2 49. Qc4 Nxg5+ 50. Ke2 Ne6
51. Kd3 e2 52. Kxe2 Nd4+ 53. Kd2 Ke5 54. h4 Nf4 $11) 48... c2 0-1

[Event "EU-chT (Men) 11th"]
[Site "Pula"]
[Date "1997.05.??"]
[Round "7.1"]
[White "Lalic, Bogdan"]
[Black "Kengis, Edvins"]
[Result "1-0"]
[WhiteElo "2585"]
[BlackElo "2585"]
[Annotator "Horn,Pe"]
[PlyCount "71"]
[EventDate "1997.05.05"]
[EventType "team-swiss"]
[EventRounds "9"]
[EventCountry "CRO"]
[SourceTitle "CBM 057 Extra"]
[Source "ChessBase"]
[SourceDate "1997.05.01"]
[SourceVersion "1"]
[SourceVersionDate "1997.05.01"]
[SourceQuality "1"]
[WhiteTeam "Croatia"]
[BlackTeam "Latvia"]
[WhiteTeamCountry "CRO"]
[BlackTeamCountry "LAT"]

1. Nf3 b6 2. e4 Bb7 3. Nc3 g6 4. d4 Bg7 5. Bc4 e6 6. O-O Ne7 7. e5 O-O 8. d5 h6
9. a4 Na6 10. dxe6 fxe6 11. Qe2 Nb4 (11... Bxf3 $5 12. gxf3 Nb4 13. Rd1 {
[%cal Rc4e6]} Qe8 $13) 12. Rd1 Qe8 13. Nd4 a6 (13... Ned5 14. Ndb5 Nxc3 15.
bxc3 Na6 16. f4 $16) 14. f4 c5 15. Nb3 g5 (15... Ned5 16. Bxd5 Nxd5 17. a5 $16)
16. fxg5 Rf5 (16... hxg5 17. Bxg5 (17. a5 $5) 17... Ng6 18. Rd6 Bxe5 (18...
Nxe5 19. Rxb6 $16) 19. Rxb6 $16) 17. gxh6 Bxe5 18. Bf4 Rxf4 19. Qxe5 Qg6 20. g3
Rxc4 21. Rxd7 Nbc6 22. Qe2 Rxc3 23. bxc3 Bc8 24. Rd6 Qxh6 25. a5 c4 26. Nd4
Nxd4 27. cxd4 Nf5 28. Rd8+ Kf7 29. Qe5 bxa5 30. Rf1 Qg7 31. Rxf5+ exf5 32. Qe8+
Kf6 33. Rd6+ Kg5 34. Qd8+ Kg4 35. Kf2 Qh7 36. Rg6+ 1-0